000 006370000a22001090004500
100 1 _aArtola, Antonio M.
245 1 0 _aEl Momento de la Inspiración en la Constitución de la Escritura según 2 Tim 3:16
300 _avol. 57, núm 1 (1999), Páginas 61-82
520 _aAnalizando una vez más 2 Tim 3:16 y 2 Pe 1:21, este artículo subraya los aspectos pre racionales de la inspiración bíblica. El no haberlos tenido en cuenta ha llevado a desatender el elemento unificante en la experiencia de la inspiración: todo en ella está condicionado por la irrupción primordial del Espíritu.
773 0 _tEstudios Bíblicos
942 _cANA
999 _c50277
_d50277